Diccionario de dudas y dificultades de la lengua española
Gespeichert in:
| 1. Verfasser: | |
|---|---|
| Format: | Buch |
| Sprache: | Undetermined |
| Veröffentlicht: |
Madrid, España
Aguilar
1982
|
| Ausgabe: | 8 |
| Schlagworte: | |
| Tags: |
Tag hinzufügen
Keine Tags, Fügen Sie den ersten Tag hinzu!
|
MARC
| LEADER | 00000nam a2200000Ia 4500 | ||
|---|---|---|---|
| 008 | 170316s9999 xx 000 0 und d | ||
| 999 | |c 14640 |d 14640 | ||
| 040 | |a cru BVZT | ||
| 090 | |a R-413 S-1.2d LIT | ||
| 100 | |a Seco, Manuel | ||
| 245 | |a Diccionario de dudas y dificultades de la lengua española | ||
| 250 | |a 8 | ||
| 260 | |a Madrid, España | ||
| 260 | |b Aguilar | ||
| 260 | |c 1982 | ||
| 300 | |a 533 páginas | ||
| 650 | |a REFERENCIA |9 27 | ||
| 650 | |a DUDAS-DIFICULTADES-LENGUA ESPAÑOLA | ||
| 942 | |c REF |2 z | ||
